| 000 | 00721nam a22002297a 4500 | ||
|---|---|---|---|
| 003 | 0 | ||
| 005 | 20250108141420.0 | ||
| 008 | 250108b xxu||||| |||| 00| 0 eng d | ||
| 020 | _a978-1-64725-494-0 | ||
| 050 |
_aP 91.28 _b.F37 2024 |
||
| 100 |
_aFarrell, Antonio _eauthor. |
||
| 245 |
_aModern electronic media and broadcasting / _cAntonio Farrell. |
||
| 260 |
_aForest Hills, NY : _bNY Research Press, _c2024. |
||
| 300 |
_avii, 210 p. : _bcol. ill. ; _c27 cm. |
||
| 504 | _aIncludes bibliographical references and index. | ||
| 650 | _aDigital media. | ||
| 650 | _aBroadcasting. | ||
| 650 | _aDigital communications. | ||
| 650 | _aDigital audio broadcasting. | ||
| 650 | _aOnline journalism. | ||
| 942 |
_2lcc _cBK |
||
| 999 |
_c366928 _d366928 |
||